<?xml version="1.0" encoding="UTF-8"?>
<record
    xmlns:xsi="http://www.w3.org/2001/XMLSchema-instance"
    xsi:schemaLocation="http://www.loc.gov/MARC21/slim http://www.loc.gov/standards/marcxml/schema/MARC21slim.xsd"
    xmlns="http://www.loc.gov/MARC21/slim">

  <leader>02218nam0a2200397   4500</leader>
  <controlfield tag="001">RU\NLR\bibl\735605</controlfield>
  <controlfield tag="005">20250614001326.0</controlfield>
  <datafield tag="010" ind1=" " ind2=" ">
    <subfield code="a">5-218-01042-1</subfield>
    <subfield code="9">10000</subfield>
  </datafield>
  <datafield tag="021" ind1=" " ind2=" ">
    <subfield code="a">RU</subfield>
    <subfield code="b">2004-57082</subfield>
    <subfield code="9">2810</subfield>
  </datafield>
  <datafield tag="035" ind1=" " ind2=" ">
    <subfield code="a">RSL-KNO-002478689</subfield>
  </datafield>
  <datafield tag="035" ind1=" " ind2=" ">
    <subfield code="a">(NLR Aleph) 000725529</subfield>
  </datafield>
  <datafield tag="090" ind1=" " ind2=" ">
    <subfield code="a">729839</subfield>
    <subfield code="c">729839</subfield>
  </datafield>
  <datafield tag="100" ind1=" " ind2=" ">
    <subfield code="a">20040921d2004    |||y0rusy50      ca</subfield>
  </datafield>
  <datafield tag="101" ind1="0" ind2=" ">
    <subfield code="a">rus</subfield>
  </datafield>
  <datafield tag="102" ind1=" " ind2=" ">
    <subfield code="a">RU</subfield>
  </datafield>
  <datafield tag="105" ind1=" " ind2=" ">
    <subfield code="a">a   |||||||||</subfield>
  </datafield>
  <datafield tag="106" ind1=" " ind2=" ">
    <subfield code="a">r</subfield>
  </datafield>
  <datafield tag="200" ind1="1" ind2=" ">
    <subfield code="a">&#x413;&#x440;&#x443;&#x437;&#x43E;&#x432;&#x44B;&#x435; &#x43C;&#x43E;&#x442;&#x43E;&#x440;&#x43E;&#x43B;&#x43B;&#x435;&#x440;&#x44B; &#x41C;&#x443;&#x440;&#x430;&#x432;&#x435;&#x439;</subfield>
    <subfield code="e">&#x440;&#x443;&#x43A;. &#x43F;&#x43E; &#x44D;&#x43A;&#x441;&#x43F;&#x43B;&#x443;&#x430;&#x442;&#x430;&#x446;&#x438;&#x438; &#x438; &#x43C;&#x435;&#x43B;. &#x440;&#x435;&#x43C;&#x43E;&#x43D;&#x442;&#x443;, &#x43A;&#x440;&#x443;&#x43F;. &#x440;&#x435;&#x43C;&#x43E;&#x43D;&#x442;, &#x440;&#x435;&#x433;&#x443;&#x43B;&#x438;&#x440;&#x43E;&#x432;&#x43A;&#x430; &#x438; &#x43D;&#x430;&#x43B;&#x430;&#x434;&#x43A;&#x430;, &#x43A;&#x43E;&#x43D;&#x442;&#x440;&#x43E;&#x43B;. &#x440;&#x430;&#x437;&#x43C;&#x435;&#x440;&#x44B; &#x438; &#x441;&#x43F;&#x435;&#x446;. &#x438;&#x43D;&#x441;&#x442;&#x440;&#x443;&#x43C;&#x435;&#x43D;&#x442;&#x44B;</subfield>
    <subfield code="f">[&#x414;. &#x415;&#x432;&#x441;&#x435;&#x435;&#x432;]</subfield>
  </datafield>
  <datafield tag="210" ind1=" " ind2=" ">
    <subfield code="a">&#x41C;.</subfield>
    <subfield code="c">&#x420;&#x443;&#x441;&#x44C;&#x410;&#x432;&#x442;&#x43E;&#x43A;&#x43D;&#x438;&#x433;&#x430;</subfield>
    <subfield code="d">2004</subfield>
    <subfield code="g">&#x413;&#x423;&#x41F; &#x418;&#x41F;&#x41A; &#x41C;&#x43E;&#x441;&#x43A;&#x43E;&#x432;&#x441;&#x43A;&#x430;&#x44F; &#x43F;&#x440;&#x430;&#x432;&#x434;&#x430;</subfield>
  </datafield>
  <datafield tag="215" ind1=" " ind2=" ">
    <subfield code="a">110 &#x441;.</subfield>
    <subfield code="c">&#x438;&#x43B;.</subfield>
    <subfield code="d">21</subfield>
  </datafield>
  <datafield tag="225" ind1="1" ind2=" ">
    <subfield code="a">&#x421;&#x435;&#x440;&#x438;&#x44F; "&#x420;&#x43E;&#x43A;&#x435;&#x440;"</subfield>
  </datafield>
  <datafield tag="606" ind1="0" ind2=" ">
    <subfield code="a">&#x41C;&#x43E;&#x442;&#x43E;&#x440;&#x43E;&#x43B;&#x43B;&#x435;&#x440;&#x44B; &#x433;&#x440;&#x443;&#x437;&#x43E;&#x432;&#x44B;&#x435; "&#x41C;&#x443;&#x440;&#x430;&#x432;&#x435;&#x439;"</subfield>
    <subfield code="j">&#x420;&#x443;&#x43A;&#x43E;&#x432;&#x43E;&#x434;&#x441;&#x442;&#x432;&#x430;, &#x43F;&#x43E;&#x441;&#x43E;&#x431;&#x438;&#x44F; &#x438; &#x442;.&#x43F;.</subfield>
    <subfield code="x">&#x42D;&#x43A;&#x441;&#x43F;&#x43B;&#x443;&#x430;&#x442;&#x430;&#x446;&#x438;&#x44F;</subfield>
    <subfield code="9">2368931</subfield>
    <subfield code="3">RU\NLR\auth\661414083</subfield>
  </datafield>
  <datafield tag="606" ind1="0" ind2=" ">
    <subfield code="a">"&#x41C;&#x443;&#x440;&#x430;&#x432;&#x435;&#x439;", &#x433;&#x440;&#x443;&#x437;&#x43E;&#x432;&#x44B;&#x435; &#x43C;&#x43E;&#x442;&#x43E;&#x440;&#x43E;&#x43B;&#x43B;&#x435;&#x440;&#x44B;</subfield>
    <subfield code="j">&#x420;&#x443;&#x43A;&#x43E;&#x432;&#x43E;&#x434;&#x441;&#x442;&#x432;&#x430;, &#x43F;&#x43E;&#x441;&#x43E;&#x431;&#x438;&#x44F; &#x438; &#x442;.&#x43F;.</subfield>
    <subfield code="x">&#x42D;&#x43A;&#x441;&#x43F;&#x43B;&#x443;&#x430;&#x442;&#x430;&#x446;&#x438;&#x44F;</subfield>
    <subfield code="9">2368930</subfield>
    <subfield code="3">RU\NLR\auth\661414082</subfield>
  </datafield>
  <datafield tag="606" ind1="0" ind2=" ">
    <subfield code="a">&#x41C;&#x43E;&#x442;&#x43E;&#x440;&#x43E;&#x43B;&#x43B;&#x435;&#x440;&#x44B; &#x433;&#x440;&#x443;&#x437;&#x43E;&#x432;&#x44B;&#x435; "&#x41C;&#x443;&#x440;&#x430;&#x432;&#x435;&#x439;"</subfield>
    <subfield code="j">&#x420;&#x443;&#x43A;&#x43E;&#x432;&#x43E;&#x434;&#x441;&#x442;&#x432;&#x430;, &#x43F;&#x43E;&#x441;&#x43E;&#x431;&#x438;&#x44F; &#x438; &#x442;.&#x43F;.</subfield>
    <subfield code="x">&#x420;&#x435;&#x43C;&#x43E;&#x43D;&#x442;</subfield>
    <subfield code="9">2294123</subfield>
    <subfield code="3">RU\NLR\auth\661373789</subfield>
  </datafield>
  <datafield tag="606" ind1="0" ind2=" ">
    <subfield code="a">"&#x41C;&#x443;&#x440;&#x430;&#x432;&#x435;&#x439;", &#x433;&#x440;&#x443;&#x437;&#x43E;&#x432;&#x44B;&#x435; &#x43C;&#x43E;&#x442;&#x43E;&#x440;&#x43E;&#x43B;&#x43B;&#x435;&#x440;&#x44B;</subfield>
    <subfield code="j">&#x420;&#x443;&#x43A;&#x43E;&#x432;&#x43E;&#x434;&#x441;&#x442;&#x432;&#x430;, &#x43F;&#x43E;&#x441;&#x43E;&#x431;&#x438;&#x44F; &#x438; &#x442;.&#x43F;.</subfield>
    <subfield code="x">&#x420;&#x435;&#x43C;&#x43E;&#x43D;&#x442;</subfield>
    <subfield code="9">2294128</subfield>
    <subfield code="3">RU\NLR\auth\661373792</subfield>
  </datafield>
  <datafield tag="610" ind1="0" ind2=" ">
    <subfield code="a">&#x422;&#x440;&#x430;&#x43D;&#x441;&#x43F;&#x43E;&#x440;&#x442; -- &#x410;&#x432;&#x442;&#x43E;&#x434;&#x43E;&#x440;&#x43E;&#x436;&#x43D;&#x44B;&#x439; &#x442;&#x440;&#x430;&#x43D;&#x441;&#x43F;&#x43E;&#x440;&#x442; -- &#x41C;&#x43E;&#x442;&#x43E;&#x440;&#x43E;&#x43B;&#x43B;&#x435;&#x440;&#x44B; -- &#x422;&#x435;&#x445;&#x43D;&#x438;&#x447;&#x435;&#x441;&#x43A;&#x430;&#x44F; &#x44D;&#x43A;&#x441;&#x43F;&#x43B;&#x443;&#x430;&#x442;&#x430;&#x446;&#x438;&#x44F; &#x438; &#x440;&#x435;&#x43C;&#x43E;&#x43D;&#x442; -- &#x418;&#x43D;&#x441;&#x442;&#x440;&#x443;&#x43A;&#x442;&#x438;&#x432;&#x43D;&#x44B;&#x435; &#x438;&#x437;&#x434;&#x430;&#x43D;&#x438;&#x44F;</subfield>
  </datafield>
  <datafield tag="686" ind1=" " ind2=" ">
    <subfield code="a">&#x41E;362-08&#x44F;82</subfield>
    <subfield code="2">rubbk</subfield>
  </datafield>
  <datafield tag="686" ind1=" " ind2=" ">
    <subfield code="a">&#x41E;362-08&#x44F;7</subfield>
  </datafield>
  <datafield tag="702" ind1=" " ind2="1">
    <subfield code="4">220</subfield>
    <subfield code="a">&#x415;&#x432;&#x441;&#x435;&#x435;&#x432;</subfield>
    <subfield code="b">&#x414;. &#x413;.</subfield>
    <subfield code="c">&#x434;-&#x440; &#x442;&#x435;&#x445;&#x43D;. &#x43D;&#x430;&#x443;&#x43A;</subfield>
    <subfield code="f">1938-</subfield>
    <subfield code="g">&#x414;&#x43C;&#x438;&#x442;&#x440;&#x438;&#x439; &#x413;&#x435;&#x43D;&#x43D;&#x430;&#x434;&#x44C;&#x435;&#x432;&#x438;&#x447;</subfield>
    <subfield code="9">197047</subfield>
    <subfield code="3">RU\NLR\AUTH\770197098</subfield>
  </datafield>
  <datafield tag="801" ind1=" " ind2="0">
    <subfield code="a">RU</subfield>
    <subfield code="b">RuMoRKP</subfield>
    <subfield code="c">20040921</subfield>
    <subfield code="g">rcr</subfield>
  </datafield>
  <datafield tag="801" ind1=" " ind2="1">
    <subfield code="a">RU</subfield>
    <subfield code="b">RuMoRGB</subfield>
    <subfield code="c">20040921</subfield>
  </datafield>
  <datafield tag="801" ind1=" " ind2="2">
    <subfield code="a">RU</subfield>
    <subfield code="b">NLR</subfield>
    <subfield code="c">20050316</subfield>
    <subfield code="g">PSBO</subfield>
  </datafield>
  <datafield tag="942" ind1=" " ind2=" ">
    <subfield code="c">BOOK</subfield>
  </datafield>
  <datafield tag="980" ind1=" " ind2=" ">
    <subfield code="a">NB</subfield>
  </datafield>
  <datafield tag="995" ind1=" " ind2=" ">
    <subfield code="5">2005-03-16</subfield>
    <subfield code="a">ad</subfield>
    <subfield code="b">NLR01</subfield>
    <subfield code="c">NLR01</subfield>
    <subfield code="e">RF3</subfield>
    <subfield code="f">870925</subfield>
    <subfield code="k">2005-3/5882</subfield>
    <subfield code="o">0</subfield>
    <subfield code="r">BOOK</subfield>
    <subfield code="s">200535882_</subfield>
  </datafield>
  <datafield tag="995" ind1=" " ind2=" ">
    <subfield code="5">2005-03-16</subfield>
    <subfield code="a">ad</subfield>
    <subfield code="b">NLR01</subfield>
    <subfield code="c">NLR01</subfield>
    <subfield code="e">RF3</subfield>
    <subfield code="f">870926</subfield>
    <subfield code="k">2005-3/5882</subfield>
    <subfield code="o">0</subfield>
    <subfield code="r">BOOK</subfield>
    <subfield code="s">200535882_</subfield>
  </datafield>
</record>
